000 00734cam a2200229 a 4500
001 2522056
005 20180301045752.0
008 930625s1994 caua b 001 0 eng
010 _a 93005651
020 _a0534176461
040 _aDLC
_cDLC
_dDLC
041 _aeng
080 _a150.72 don
082 0 0 _a150.72 don
_220
100 1 _a48
101 _asoc
245 1 0 _aResearch methods /
_cDonald H. McBurney, with the assistance of Patrick Middleton.
504 _aIncludes bibliographical references (p. 476-487) and indexes.
906 _a7
_bcbc
_corignew
_d1
_eocip
_f19
_gy-gencatlg
942 _2ddc
_cBK
999 _c43804
_d43804